Normal view
MARC view
- Internel Combustion Engines
Entry Topical Term
001 - CONTROL NUMBER
- control field: 122770
003 - CONTROL NUMBER IDENTIFIER
- control field: NUST
005 - DATE AND TIME OF LATEST TRANSACTION
- control field: 20240521105330.0
008 - FIXED-LENGTH DATA ELEMENTS
- fixed length control field: 240521|| aca||aabn | a|a d
040 ## - CATALOGING SOURCE
- Original cataloging agency: NUST
- Transcribing agency: NUST
150 ## - HEADING--TOPICAL TERM
- Topical term or geographic name entry element: Internel Combustion Engines
670 ## - SOURCE DATA FOUND
- Source citation: Work cat.: (NUST): Ganesan V 55528, Internel Combustion Engines, 2004.
